| 000 | 00600nam a2200181 a 4500 | ||
|---|---|---|---|
| 001 | 000025222 | ||
| 005 | 20200930023635.0 | ||
| 008 | 110211s1976 mx r 000 0 spa d | ||
| 040 |
_aDO-SdBNP _bspa _cBNPHU |
||
| 082 |
_axxxxx _bS556i |
||
| 100 | 1 |
_aShils, Edward _948723 |
|
| 245 | 1 | 4 |
_aLos intelectuales y el poder / _cEdward Shils ; traducción Flora Setaro. |
| 260 |
_aMéxico, D. F. : _bDimelisa, _c1976. |
||
| 300 |
_a143 p. ; _c20 cm. |
||
| 534 |
_aTítulo original: _tThe intelectuals and the powers, _c2a ed. Chicago University, 1974 |
||
| 700 | 1 |
_aSetaro, Flora, _etr. _947137 |
|
| 049 | _aBNGR | ||
| 999 |
_c24715 _d24715 |
||